000 00590nam a2200229Ia 4500
003 OSt
005 20220924150653.0
006 a|||||r|||| 00| 0
007 ta
008 220923b |||||||| |||| 00| 0 tel d
024 _a334141
037 _cTextual
040 _aARTS
_cARTS
_btel
041 _2tel
_atel
082 _aO35,2N51,1, M7
100 _aRao Patibandla Ananda
_9222662
245 0 _aNishiddhakshari
260 _c1987
650 _aTELUGU DRAMA
_9173432
942 _hO35,2N51,1, M7
_cTEXL
_2CC
999 _c464131
_d464131